书目信息 |
| 题名: |
人的一生应当怎样渡过
|
|
| 作者: | 敢锋 著 | |
| 分册: | ||
| 出版信息: | 北京 中国青年出版社 1978 |
|
| 页数: | 122页 | |
| 开本: | 19cm | |
| 丛书名: | ||
| 单 册: | ||
| 中图分类: | D432.6 | |
| 科图分类: | ||
| 主题词: | 共产主义思想教育--青年读物 | |
| 电子资源: | ||
| ISBN: | ||
| 000 | 00737nam0 2200253 45 | |
| 001 | 0178005975 | |
| 005 | 20060731170217.28 | |
| 010 | @dCNY0.24 | |
| 091 | @aCN@b7009.162 | |
| 100 | @a19950714d1978 em y0chiy0121 ea | |
| 101 | 0 | @achi |
| 102 | @aCN@b110000 | |
| 105 | @ay z 000yy | |
| 200 | 10 | @a人的一生应当怎样渡过@Aren de yi sheng ying dang zen yang du guo@e谈理想、志气和艰苦奋斗@f敢锋著 |
| 205 | @a3版 | |
| 210 | @a北京@c中国青年出版社@d1978 | |
| 215 | @a122页@d19cm | |
| 517 | 1 | @a谈理想志气和艰苦奋斗@Atan li xiang zhi qi he jian ku fen dou |
| 606 | @a共产主义思想教育@x青年读物 | |
| 610 | 0 | @a人生 |
| 690 | @aD432.6@v3 | |
| 701 | 0 | @a敢锋@Agan feng@4著 |
| 801 | 0 | @aCN@bTSSF@c20060731 |
| 905 | @a10447@dD432.6@e154 | |
| 人的一生应当怎样渡过:谈理想、志气和艰苦奋斗/敢锋著.-3版.-北京:中国青年出版社,1978 |
| 122页;19cm |
| ISBN :CNY0.24 |
| ● |
| 相关链接 |
|
|
|
|
正题名:人的一生应当怎样渡过
索取号:D432.6/154
 
预约/预借
| 序号 | 登录号 | 条形码 | 馆藏地/架位号 | 状态 | 备注 |
| 1 | 0424383 | 204243835 | 密集书库/ [索取号:D432.6/154] | 在馆 | |
| 2 | 0441039 | 204410397 | 密集书库/ [索取号:D432.6/154] | 在馆 |